| Tag |
First Indicator |
Second Indicator |
Subfields |
| LEADER |
00000pam a2200000 a 4500 |
| 001 |
in00002016121 |
| 005 |
20151031152408.0 |
| 008 |
040618s2004 nyu 000 1 eng |
| 010 |
|
|
|a 2004014369
|
| 020 |
|
|
|a 089296815X
|
| 035 |
|
|
|a (OCoLC)ocm55729908
|
| 040 |
|
|
|a DLC
|c DLC
|d YDX
|d UtOrBLW
|
| 043 |
|
|
|a n-us-vt
|
| 049 |
|
|
|a TXAM
|
| 050 |
0 |
0 |
|a PS3563.A965
|b S87 2004
|
| 082 |
0 |
0 |
|a 813/.54
|2 22
|
| 100 |
1 |
|
|a Mayor, Archer.
|
| 245 |
1 |
4 |
|a The surrogate thief /
|c Archer Mayor.
|
| 250 |
|
|
|a [1st Mysterious Press ed.].
|
| 264 |
|
1 |
|a New York :
|b Mysterious Press,
|c [2004]
|
| 264 |
|
4 |
|c ©2004
|
| 300 |
|
|
|a 294 pages ;
|c 24 cm.
|
| 336 |
|
|
|a text
|b txt
|2 rdacontent
|
| 337 |
|
|
|a unmediated
|b n
|2 rdamedia
|
| 338 |
|
|
|a volume
|b nc
|2 rdacarrier
|
| 650 |
|
0 |
|a Gunther, Joe (Fictitious character)
|v Fiction.
|
| 650 |
|
0 |
|a Police
|z Vermont
|v Fiction.
|
| 651 |
|
0 |
|a Vermont
|v Fiction.
|
| 655 |
|
7 |
|a Mystery fiction.
|2 gsafd
|
| 994 |
|
|
|a C0
|b TXA
|
| 948 |
|
|
|a cataloged
|b h
|c 2004/12/13
|d c
|e blrosas
|f 11:52:36 am
|
| 999 |
|
|
|a MARS
|
| 999 |
f |
f |
|s e0be7747-0ade-3516-bf54-60a0adc2d61a
|i 629535a7-2bd3-3d9f-b4cf-f705792231a2
|t 0
|
| 952 |
f |
f |
|p ric
|a Texas A&M University
|b Rellis Campus
|c Joint Library Facility
|d Remote Storage
|t 0
|e PS3563.A965 S87 2004
|h Library of Congress classification
|i unmediated -- volume
|m A14831664452
|
| 998 |
f |
f |
|a PS3563.A965 S87 2004
|t 0
|l Remote Storage
|